Góp phần tìm hiểu nghệ thuật thơ ca /

Spremljeno u:
Bibliografski detalji
Glavni autor: Bùi Công Hùng.
Format: Sách giấy
Jezik:Vietnamese
Izdano: H. : Khoa học Xã hội, 1983.
Oznake: Dodaj oznaku
Bez oznaka, Budi prvi tko označuje ovaj zapis!
Thư viện lưu trữ: Thư viện Trường Đại học Đà Lạt
LEADER 00615nam a2200265 4500
001 DLU090064877
005 ##20090107
040 # # |a DLU  |b vie 
041 # # |a vie 
044 # # |a vn 
082 # # |a 808.1  |b BU-H 
100 # # |a Bùi Công Hùng. 
245 # # |a Góp phần tìm hiểu nghệ thuật thơ ca /  |c Bùi Công Hùng. 
260 # # |a H. :  |b Khoa học Xã hội,  |c 1983. 
300 # # |a 213 tr. ;  |c 19 cm. 
992 # # |a 0 
994 # # |a DLU 
900 # # |a True 
911 # # |a Đào Thị Thu Huyền 
925 # # |a G 
926 # # |a A 
927 # # |a SH 
980 # # |a Thư viện Trường Đại học Đà Lạt